01125cam a2200277 a 4500999001700000001000900017005001700026008004100043010001700084020001500101040001800116050002200134100002700156245004700183250008400230260004200314300005800356500002000414650002800434700002600462700003000488856008700518856007500605942003500680952013200715 c16458d164581250994720190226020100.0010822s2003 iauab 001 0 eng  a 2001044744 a0070294267 aDLCcDLCdDLC00aGE105 b.C86 20031 aCunningham, William P.10aEnvironmental science :ba global concern. a7th ed. /bWilliam P. Cunningham, Mary Ann Cunningham, Barbara Woodworth Saigo. aDubuque, Iowa :bMcGraw-Hill,cc2003. axvii, 646 p. :bill. (some col.), col. maps ;c29 cm. aIncludes index. 0aEnvironmental sciences.1 aCunningham, Mary Ann.1 aSaigo, Barbara Woodworth.423Publisher descriptionuhttp://www.loc.gov/catdir/description/mh021/2001044744.html413Table of contentsuhttp://www.loc.gov/catdir/toc/mh021/2001044744.html 2lcccBOOKShGE105 .C86 200301 00102lcc4070aMUCbMUCcGENd2016-11-10eDonation(BFA)l1oGE105 .C86 2003p24867r2019-02-28s2019-02-25w2016-11-10yBOOKS